Republic of Madagascar : Request for a 40-Month Arrangement under the Extended Credit Facility-Press Release; Staff Report; and Statement by the Executive Director for Republic of Madagascar.

The COVID-19 pandemic has hit Madagascar hard, reversing recent progress in per capita income and poverty reduction. GDP is estimated to have contracted by 4.2 percent in 2020. Two RCF disbursements approved on April 3 and July 30 (totaling 2.4 percent of GDP) helped close short-term financing gaps,...

Descripció completa

Dades bibliogràfiques
Autor corporatiu: International Monetary Fund. African Dept
Format: Revista
Idioma:English
Publicat: Washington, D.C. : International Monetary Fund, 2021.
Col·lecció:IMF Staff Country Reports; Country Report ; No. 2021/075
Matèries:
Accés en línia:Full text available on IMF
LEADER 01872cas a2200253 a 4500
001 AALejournalIMF021739
008 230101c9999 xx r poo 0 0eng d
020 |c 5.00 USD 
020 |z 9781513576794 
022 |a 1934-7685 
040 |a BD-DhAAL  |c BD-DhAAL 
110 2 |a International Monetary Fund.  |b African Dept. 
245 1 0 |a Republic of Madagascar :   |b Request for a 40-Month Arrangement under the Extended Credit Facility-Press Release; Staff Report; and Statement by the Executive Director for Republic of Madagascar. 
264 1 |a Washington, D.C. :  |b International Monetary Fund,  |c 2021. 
300 |a 1 online resource (129 pages) 
490 1 |a IMF Staff Country Reports 
500 |a <strong>Off-Campus Access:</strong> No User ID or Password Required 
500 |a <strong>On-Campus Access:</strong> No User ID or Password Required 
506 |a Electronic access restricted to authorized BRAC University faculty, staff and students 
520 3 |a The COVID-19 pandemic has hit Madagascar hard, reversing recent progress in per capita income and poverty reduction. GDP is estimated to have contracted by 4.2 percent in 2020. Two RCF disbursements approved on April 3 and July 30 (totaling 2.4 percent of GDP) helped close short-term financing gaps, supported mitigation measures, and contributed to catalyzing donor budget support. The authorities are seeking renewed Fund assistance to help the country face protracted balance of payment needs aggravated by the impact of the pandemic and support the authorities' reform agenda summarized in the Plan Emergence Madagascar (PEM). 
538 |a Mode of access: Internet 
651 7 |a Madagascar, Republic of  |2 imf 
830 0 |a IMF Staff Country Reports; Country Report ;  |v No. 2021/075 
856 4 0 |z Full text available on IMF  |u http://elibrary.imf.org/view/journals/002/2021/075/002.2021.issue-075-en.xml  |z IMF e-Library